00879cam a2200265 i 45000010008000000030004000080050017000120080041000290100017000700200012000870400018000990430012001170500021001290820015001501000038001652450060002032600051002633000028003144400055003425000122003975000020005195040032005396500032005716510010006034596135ASL20231015025547.0161215s1975 bg d b 001 0 eng | a 75906762  cTk85.00 aDLCcASLdASL aa-ii---00aBP188.8.B43bH3600a297.4bHAH1 aHaq, Muhammad Enamul,d1906-1982.12aA history of Sufi-ism in Bengal /cMuhammad Enamul Haq. aDacca :bAsiatic Society of Bangladesh,c1975. axviii, 455 p. ;c24 cm. 0aAsiatic Society of Bangladesh publication;vno. 33 a"The main corpus of this book forms ... [the author's] thesis for the degree of Ph.D. of the University of Calcutta." aIncludes index. aBibliography: p. [423]-427. 0aSufismxBengal.zBangladesh zIndia